| 000 | 01115nab a2200241 i 4500 | ||
|---|---|---|---|
| 001 | BPP | ||
| 003 | BPK | ||
| 005 | 20180411103918.0 | ||
| 008 | 150128s2001 pl | | |000 ||pol | ||
| 040 | _cBPK | ||
| 041 |
_apol _beng |
||
| 084 | _a628.3 | ||
| 100 |
_aMALEJ, Józef. _d1996 - 2003. _bPolitechnika Koszalińska - Wydział Budownictwa i Inżynierii Środowiska, _cKatedra Technologii Wody i Ścieków |
||
| 245 |
_aKondycjonowanie osadu nadmiernego przed odwadnianiem na poletkach filtracyjnych = _bConditionong of excess sludge before dewatering on filtratin beds / _cJózef Malej, Agnieszka Czywiel. |
||
| 260 | _c2001. | ||
| 500 | _aDane z autopsji. | ||
| 520 | _aW niniejszej pracy przedstawiono sposoby odwadniania osadów zastosowane w poszczególnych analizowanych oczyszczalni mechaniczno-biologicznych. | ||
| 650 | 0 | _aOsady ściekowe. | |
| 650 | 0 | _aOczyszczalnia ścieków biologiczna. | |
| 650 | 0 | _aFiltracja. | |
| 773 |
_iW : _tZeszyty Naukowe Politechniki Białostockiej : Inżynieria Środowiska. - _g2001, z. 15, s. 293-300. _kNauki techniczne ; nr 142 |
||
| 942 |
_cART _2UKD |
||
| 999 |
_c6278 _d6278 |
||